Catch assessment for mobile gear fisheries in kandal province including phnom penh, ការវាយតំលៃផលចាប់ ដែលនេសាទបាន ដោយ​ឧបករណ៍នេសាទចល័ត នៅក្នុងខេត្តកណ្ដាល/ភ្នំពេញ. (Record no. 3760)

000 -LEADER
fixed length control field 00666nam a22001577a 4500
003 - CONTROL NUMBER IDENTIFIER
control field OSt
005 - DATE AND TIME OF LATEST TRANSACTION
control field 20151130152903.0
008 - FIXED-LENGTH DATA ELEMENTS--GENERAL INFORMATION
fixed length control field 151130b xxu||||| |||| 00| 0 eng d
040 ## - CATALOGING SOURCE
Transcribing agency RUA
082 ## - DEWEY DECIMAL CLASSIFICATION NUMBER
Classification number FIS NGO 1997 B166 Or.1
100 ## - MAIN ENTRY--PERSONAL NAME
9 (RLIN) 4040
Personal name NGOR PENG BUN
245 ## - TITLE STATEMENT
Title Catch assessment for mobile gear fisheries in kandal province including phnom penh, ការវាយតំលៃផលចាប់ ដែលនេសាទបាន ដោយ​ឧបករណ៍នេសាទចល័ត នៅក្នុងខេត្តកណ្ដាល/ភ្នំពេញ.
260 ## - PUBLICATION, DISTRIBUTION, ETC. (IMPRINT)
Place of publication, distribution, etc. Phnom Penh
Name of publisher, distributor, etc. RUA
Date of publication, distribution, etc. 1997
300 ## - PHYSICAL DESCRIPTION
Extent 56p.
Other physical details ill.
Dimensions 29cm.
942 ## - ADDED ENTRY ELEMENTS (KOHA)
Source of classification or shelving scheme
Koha item type FIS
Holdings
Price effective from Date last seen Permanent Location Not for loan Date acquired Source of classification or shelving scheme Koha item type Lost status Withdrawn status Date last checked out Total Checkouts Shelving location Damaged status Barcode Current Location Full call number
2015-11-302015-11-30Library Block B 2015-11-30 FIS    B166 RUA020643Library Block BFIS NGO 1997 B166 Or.1
2015-11-302015-11-30Library Block B 2015-11-30 FIS    B166 RUA028166Library Block BFIS NGO 1997 B166 Or.2
2015-11-302015-11-30Library Block B 2015-11-30 FIS    B166 RUA028238Library Block BFIS NGO 1997 B166 Or.3
2015-11-302015-11-30Library Block B 2015-11-30 FIS    B166 RUA028454Library Block BFIS NGO 1997 B166 Or.4
2015-11-302015-11-30Library Block B 2015-11-30 FIS    B166 RUA028094Library Block BFIS NGO 1997 B166 Or.5
2015-11-302015-11-30Library Block B 2015-11-30 FIS    B166 RUA020438Library Block BFIS NGO 1997 B166 Or.6
2015-11-302015-11-30Library Block B 2015-11-30 FIS    B166 RUA028239Library Block BFIS NGO 1997 B166 Or.7
2015-11-302022-01-21Library Block B 2015-11-30 FIS  2022-01-143B166 RUA028167Library Block BFIS NGO 1997 B166 Or.8
2015-11-302016-04-05Library Block B 2015-11-30 FIS  2016-03-031B166 RUA025598Library Block BFIS NGO 1997 B166 Or.9
2015-11-302015-11-30Library Block B 2015-11-30 FIS    B166 RUA028022Library Block BFIS NGO 1997 B166 Or.10
2015-11-302015-11-30Library Block B 2015-11-30 FIS    B166 RUA028311Library Block BFIS NGO 1997 B166 Or.11
មជ្ឈមណ្ឌលឯការនៃសាកលវិទ្យាល័យភូមិន្ទកសិកម្មចំការដូង

Powered by Koha